Guía de trabajos prácticos y apuntes teóricos : cátedra Geomorfología y Teledetección : año 2010 : carrera Licenciatura en Ciencias Geológicas, Departamento de Geología, U.N.S. /

Guardado en:
Autor Principal: Grill, Silvia C.
Autor Corporativo: Universidad Nacional del Sur. Departamento de Geología.
Otros Autores: Navarro, Edgardo Luis., Cuadrado, Diana G., 1958-
Formato: Manuscrito
Idioma:Spanish
Publicado: [2010?]
Materias:
Etiquetas: Agregar Etiqueta
Sin Etiquetas, Sea el primero en etiquetar este registro!
LEADER 00975ntm a22002055a 4500
001 EUN.eunm004718
008 130704s2010####ag#a##########000#0#spa#d
005 20240827095903.0
245 1 0 |a Guía de trabajos prácticos y apuntes teóricos :  |b cátedra Geomorfología y Teledetección : año 2010 : carrera Licenciatura en Ciencias Geológicas, Departamento de Geología, U.N.S. /  |c docente responsable: Silvia C. Grill (asistente) ; colaboradores: Edgardo Navarro (asistente) y Diana Cuadrado (ayudante). 
260 |c [2010?] 
300 |a 1 v. (en varias paginaciones) :  |b il. ;  |c 30 cm. 
100 1 |a Grill, Silvia C.  |q (Silvia Cristina) 
700 1 |a Navarro, Edgardo Luis. 
700 1 |a Cuadrado, Diana G.,  |d 1958- 
710 2 |a Universidad Nacional del Sur.  |b Departamento de Geología. 
082 0 4 |a 551.4  |2 19 
650 7 |a Geología.  |2 unbist 
650 7 |a Geomorfología.  |2 unbist 
650 7 |a Teledetección.  |2 unbist 
859 |a AR-BaUNS  |b BIB. CENTRAL - Sector A  |h 551.4  |i G878  |p 123817/013